6A High Schools in GA (2016-2017) Quiz Stats

Quiz not verified by Sporcle

Challenge
Share
Tweet
Embed
Score 0/58 Timer 10:00
0 Plays Today
Hint Answer % Correct
Region 1-AAAAAAValdosta
75%
Region 7-AAAAAADunwoody
62.5%
Region 7-AAAAAANorth Atlanta
62.5%
Region 7-AAAAAAPope
62.5%
Region 3-AAAAAAHeritage, Conyers
56.3%
Region 6-AAAAAARiver Ridge
56.3%
Region 6-AAAAAASequoyah
56.3%
Region 6-AAAAAASouth Cobb
56.3%
Region 6-AAAAAASprayberry
56.3%
Region 7-AAAAAAJohns Creek
56.3%
Region 8-AAAAAAGainesville
56.3%
Region 1-AAAAAANorthside, Warner Robins
50%
Region 2-AAAAAABrunswick
50%
Region 3-AAAAAAEvans
50%
Region 3-AAAAAALakeside, Evans
50%
Region 4-AAAAAAForest Park
50%
Region 4-AAAAAALovejoy
50%
Region 4-AAAAAATucker
50%
Region 5-AAAAAADouglas County
50%
Region 6-AAAAAAAllatoona
50%
Region 7-AAAAAAAlpharetta
50%
Region 7-AAAAAACentennial
50%
Region 7-AAAAAAChattahoochee
50%
Region 8-AAAAAADacula
50%
Region 8-AAAAAAHabersham Central
50%
Region 1-AAAAAACoffee
43.8%
Region 1-AAAAAAHouston County
43.8%
Region 1-AAAAAALee County
43.8%
Region 2-AAAAAAEffingham County
43.8%
Hint Answer % Correct
Region 2-AAAAAAGlynn Academy
43.8%
Region 3-AAAAAAAlcovy
43.8%
Region 3-AAAAAAGreenbrier
43.8%
Region 4-AAAAAAJonesboro
43.8%
Region 4-AAAAAAM. L. King
43.8%
Region 4-AAAAAAStephenson
43.8%
Region 5-AAAAAAAlexander
43.8%
Region 5-AAAAAACreekside
43.8%
Region 5-AAAAAASouth Paulding
43.8%
Region 5-AAAAAATri-Cities
43.8%
Region 6-AAAAAAHarrison
43.8%
Region 8-AAAAAAWinder-Barrow
43.8%
Region 2-AAAAAABradwell Institute
37.5%
Region 2-AAAAAARichmond Hill
37.5%
Region 5-AAAAAAHughes
37.5%
Region 5-AAAAAAMays
37.5%
Region 5-AAAAAANew Manchester
37.5%
Region 6-AAAAAACreekview
37.5%
Region 6-AAAAAADalton
37.5%
Region 6-AAAAAAOsborne
37.5%
Region 7-AAAAAACambridge
37.5%
Region 7-AAAAAANorthview
37.5%
Region 8-AAAAAAApalachee
37.5%
Region 3-AAAAAAGrovetown
31.3%
Region 4-AAAAAADrew
31.3%
Region 4-AAAAAAMt. Zion, Jonesboro
31.3%
Region 5-AAAAAANorthgate
25%
Region 8-AAAAAALanier
25%
Region 4-AAAAAAMundy's Hill
18.8%

You're not logged in!

Compare scores with friends on all Sporcle quizzes.
Sign Up with Email
OR
Log In

You Might Also Like...

Show Comments

Extras

Top Quizzes Today


Score Distribution

Your Account Isn't Verified!

In order to create a playlist on Sporcle, you need to verify the email address you used during registration. Go to your Sporcle Settings to finish the process.